[Event "30.Schlosspark-Open"]
[Site "Wiesbaden-Biebrich"]
[Date "2018.08.24"]
[Round "2.87"]
[White "Hertle, Philipp"]
[Black "Sitta, Stefan"]
[Result "1-0"]
[WhiteElo "1784"]
[BlackElo "1487"]
[PlyCount "75"]
[EventDate "2018.??.??"]
[WhiteTeam "SK Radolfzell"]
[BlackTeam "Sfr. Wiesbaden"]

1. e4 d5 2. exd5 Nf6 3. Bb5+ Nbd7 4. c4 a6 5. Ba4 b5 6. cxb5 axb5 7. Bxb5 Nxd5
8. Nc3 Bb7 9. Nf3 g6 10. Qb3 c6 11. Nxd5 cxb5 12. O-O Bg7 13. Re1 Bxd5 14. Qxd5
O-O 15. d4 e6 16. Qxb5 Nb6 17. Bg5 Qc7 18. Rec1 Qa7 19. Bf4 Nd5 20. Bd6 Rfd8
21. Bc5 Qa6 22. Qxa6 Rxa6 23. g3 h6 24. b4 Ra3 25. Ne5 Nc3 26. Rc2 Nb5 27. Rac1
Nxd4 28. Bxd4 Rxd4 29. Nc6 Rd5 30. Ne7+ Kf8 31. Nxd5 exd5 32. b5 Ra5 33. Rb1
Be5 34. b6 Ke7 35. Re2 d4 36. b7 d3 37. Rxe5+ Rxe5 38. b8=Q 1-0

[Event "30.Schlosspark-Open"]
[Site "Wiesbaden-Biebrich"]
[Date "2018.08.24"]
[Round "2.90"]
[White "Sefeloge, Michael"]
[Black "Ostendorph, Elias"]
[Result "1-0"]
[WhiteElo "1763"]
[BlackElo "1281"]
[PlyCount "120"]
[EventDate "2018.??.??"]
[WhiteTeam "SV Lahnstein"]
[BlackTeam "TSG Oehringen"]

1. d4 g6 2. c4 Bg7 3. Nc3 c5 4. e3 Nc6 5. Nf3 d6 6. Be2 cxd4 7. exd4 Bg4 8. Be3
Nf6 9. O-O O-O 10. Qd2 Re8 11. Rad1 Bxf3 12. Bxf3 e5 13. dxe5 Nxe5 14. Bxb7 Rb8
15. Bd5 Nxd5 16. Nxd5 Rxb2 17. Qc1 Ng4 18. Bd4 Bxd4 19. Rxd4 Ree2 20. Rxg4 f5
21. Rg3 Qh4 22. Qf4 Qxf4 23. Nxf4 Re4 24. Nxg6 hxg6 25. Rxg6+ Kf7 26. Rxd6 Rxa2
27. c5 a5 28. Ra6 Ke7 29. c6 a4 30. Rd1 Rd4 31. Re1+ Kd8 32. Ra7 Re2 33. Rb1
Rb2 34. Rf1 Rc2 35. Rd7+ Rxd7 36. cxd7 Kxd7 37. h4 Ke7 38. Ra1 Rc4 39. g3 Kf6
40. Kg2 Kg6 41. Kf3 Kh5 42. Ra3 Rb4 43. Kg2 f4 44. Kh3 fxg3 45. fxg3 Rg4 46.
Rc3 Rb4 47. Rc5+ Kh6 48. Ra5 Rc4 49. h5 Rd4 50. g4 Rd3+ 51. Kh4 a3 52. g5+ Kh7
53. Ra7+ Kh8 54. g6 Rd2 55. Rxa3 Rd4+ 56. Kg5 Rd8 57. Kh6 Kg8 58. Ra7 Rb8 59.
Ra5 Rd8 60. Kg5 Rd1 1-0